01646nam a2200433Ii 4500001001400000003000800014008004100022006001900063007001500082040003100097020002900128020002600157020003000183020002700213044001100240050002600251245005300277246002000330250002300350264009000373300005200463336002600515337002600541338003600567500002000603588009000623630003200713650002300745655002200768710001700790791003600807793004300843776011800886856007201004910002901076942000801105952008001113999001901193DIGMARCOM0075NyNyDIG140718s2009 sp a o 001 0 spa dm o d cr ||||||||||| aDGITAbengerdaepncDGITA z9788426715708 (Marcombo) z8426715702 (Marcombo) z9786077686613 (Alfaomega) z6077686611 (Alfaomega) aspamx14aTK5105.8885.D74 eBook03aEl gran libro de Dreamweaver CS4 /cMEDIAactive.30aDreamweaver CS4 aPrimera edición. 1aBarcelona :bMarcambo, S.A. ;aMéxico, D.F. :bAlfaomega Grupo Editor, S.A.,c2009. a1 online resource (712 pages) :billustrations. atextbtxt2rdacontent acomputerbc2rdamedia aonline resourcebcr2rdacarrier aIncludes index.0 aOnline resource; title from ePub and PDF title page (Digitalia, viewed July 18, 2014)00aDreamweaver (Computer file) 0aWeb sitesxDesign. 0aElectronic books.2 aMEDIAactive.2 aDigitalia (Firm),edistributor.0 gDigitalia eBook Collection:aMarcombo.08iPrint version:tGran libro de Dreamweaver CS4.b1a. ed.dBarcelona Marcambo 2009z9788426715708w(OCoLC)733713090403Digitalia Hispánicauhttps://www.digitaliapublishing.com/a/17218/ aPremium Collection: 2013 cRAA 001040708DEHaBD-UINbBD-UINd2025-04-25l0r2025-04-25w2025-04-25yRAA c235219d235219